Stres ako psychologické riziko na pracovisku
Vymedzenie základného pojmového aparátu - stress, stressor, salutor, coping. Vybrané stresory v pracovnom prostredí. Prejavy stresu v oblasti fyziologickej a emocionálnej.
Gespeichert in:
| 1. Verfasser: | |
|---|---|
| Format: | Buchkapitel |
| Sprache: | Slowakisch |
| Schlagworte: | |
| Tags: |
Keine Tags, Fügen Sie das erste Tag hinzu!
|
MARC
| LEADER | 00000naa a2200000 4500 | ||
|---|---|---|---|
| 001 | 0227278 | ||
| 005 | 20220718121543.5 | ||
| 041 | 0 | |a slo | |
| 044 | |a SK | ||
| 245 | 1 | 0 | |a Stres ako psychologické riziko na pracovisku |c Eva Živčicová |
| 520 | |a Vymedzenie základného pojmového aparátu - stress, stressor, salutor, coping. Vybrané stresory v pracovnom prostredí. Prejavy stresu v oblasti fyziologickej a emocionálnej. | ||
| 610 | 2 | 0 | |a stresy |
| 610 | 2 | 0 | |a vzťahy pracovné |
| 610 | 2 | 0 | |a náplň pracovná |
| 610 | 2 | 0 | |a prostredie pracovné |
| 100 | 1 | |a Živčicová, Eva | |